E - Commerce (Record no. 181275)

MARC details
000 -LEADER
fixed length control field 00516nam a2200205Ia 4500
008 - FIXED-LENGTH DATA ELEMENTS--GENERAL INFORMATION
fixed length control field 240823s9999||||xx |||||||||||||| ||und||
020 ## - INTERNATIONAL STANDARD BOOK NUMBER
International Standard Book Number 978-0-07-058556-0
082 ## - DEWEY DECIMAL CLASSIFICATION NUMBER
-- 650.0285 P7
100 ## - MAIN ENTRY--PERSONAL NAME
Personal name Kamlesh K Bajaj
245 #0 - TITLE STATEMENT
Title E - Commerce
250 ## - EDITION STATEMENT
Edition statement 2nd
260 ## - PUBLICATION, DISTRIBUTION, ETC. (IMPRINT)
Date of publication, distribution, etc 2007
Name of publisher, distributor, etc "Tata McGraw-Hill Publishing Company Limited,New "
500 ## - GENERAL NOTE
General note YES
650 ## - SUBJECT ADDED ENTRY--TOPICAL TERM
Topical term or geographic name as entry element E - Commerce
700 ## - ADDED ENTRY--PERSONAL NAME
Personal name Debjani Nag
942 ## - ADDED ENTRY ELEMENTS (KOHA)
Item type Books
Holdings
Withdrawn status Lost status Damaged status Permanent location Current location Date acquired Source of acquisition Cost, normal purchase price Full call number Barcode Date last seen Koha item type
      CENTRAL LIBRARY, NOORUL ISLAM CENTRE FOR HIGHER EDUCATION CENTRAL LIBRARY, NOORUL ISLAM CENTRE FOR HIGHER EDUCATION 06/05/2009 Sudarsan Books 450.00 650.0285 P7 34413 08/23/2024 Books
Visitors:
Copyright © 2024 Central Library NICHE.  All rights reserved.